Sports Quiz

Random Sports or WWE Quiz

WWE PPV Opponents of Jeff Hardy Quiz Stats

Quiz not verified by Sporcle

Challenge
Share
Tweet
Embed
Score 0/180 Timer 14:00
0 Plays Today
event Answer % Correct
SummerSlam 1999Edge
98%
No Mercy 1999Edge
98%
No Way Out 2000Edge
98%
WrestleMania 16Edge
98%
Insurrextion 2000Edge
98%
King of the Ring 2000Edge
98%
SummerSlam 2000Edge
98%
Unforgiven 2000Edge
98%
No Mercy 2000Edge
98%
Survivor Series 2000Edge
98%
WrestleMania 17Edge
98%
Insurrextion 2001Edge
98%
Survivor Series 2006Edge
98%
Royal Rumble 2007Edge
98%
WrestleMania 23Edge
98%
Armageddon 2008Edge
98%
Royal Rumble 2009Edge
98%
No Way Out 2009Edge
98%
Judgment Day 2009Edge
98%
Extreme Rules 2009Edge
98%
Backlash 2000Matt Hardy
96.7%
Royal Rumble 2001Matt Hardy
96.7%
Vengeance 2001Matt Hardy
96.7%
WrestleMania 23Matt Hardy
96.7%
WrestleMania 25Matt Hardy
96.7%
Backlash 2009Matt Hardy
96.7%
Armageddon 2007hhh
94%
No Way Out 2008hhh
94%
Unforgiven 2008hhh
94%
No Mercy 2008hhh
94%
Cyber Sunday 2008hhh
94%
Armageddon 2008hhh
94%
No Way Out 2009hhh
94%
SummerSlam 1999Christian
93.3%
No Mercy 1999Christian
93.3%
No Way Out 2000Christian
93.3%
WrestleMania 16Christian
93.3%
Insurrextion 2000Christian
93.3%
King of the Ring 2000Christian
93.3%
SummerSlam 2000Christian
93.3%
Unforgiven 2000Christian
93.3%
No Mercy 2000Christian
93.3%
Survivor Series 2000Christian
93.3%
WrestleMania 17Christian
93.3%
Insurrextion 2001Christian
93.3%
Royal Rumbe 2002Undertaker
93.3%
No Way Out 2009Undertaker
93.3%
WrestleMania 23CM Punk
92.7%
Extreme Rules 2009CM Punk
92.7%
Bash 2009CM Punk
92.7%
Night of Champions 2009CM Punk
92.7%
SummerSlam 2009CM Punk
92.7%
Royal Rumble 2000Bubba Ray Dudley
91.3%
Royal Rumble 2000D-Von Dudley
91.3%
WrestleMania 16Bubba Ray Dudley
91.3%
WrestleMania 16D-Von Dudley
91.3%
SummerSlam 2000Bubba Ray Dudley
91.3%
SummerSlam 2000D-Von Dudley
91.3%
WrestleMania 17Bubba Ray Dudley
91.3%
WrestleMania 17D-Von Dudley
91.3%
event Answer % Correct
Insurrextion 2001D-Von Dudley
91.3%
Insurrextion 2001Bubba Ray Dudley
91.3%
Unforgiven 2001D-Von Dudley
91.3%
Unforgiven 2001Bubba Ray Dudley
91.3%
Rebellion 2001D-Von Dudley
91.3%
Rebellion 2001Bubba Ray Dudley
91.3%
Survivor Series 2001Bubba Ray Dudley
91.3%
Survivor Series 2001D-Von Dudley
91.3%
WrestleMania 18Bubba Ray Dudley
91.3%
WrestleMania 18D-Von Dudley
91.3%
Survivor Series 2006Randy Orton
88.7%
WrestleMania 23Randy Orton
88.7%
Royal Rumble 2008Randy Orton
88.7%
Unforgiven 2001Spike Dudley
88%
No Way Out 2003Chris Jericho
82.7%
No Way Out 2008Chris Jericho
82.7%
Fully Loaded 1999Bradshaw
81.3%
Armageddon 1999Bradshaw
81.3%
Invasion 2001RVD
81.3%
SummerSlam 2001RVD
81.3%
Rebellion 2001Bradshaw
81.3%
WrestleMania 18Bradshaw
81.3%
Royal Rumble 2003RVD
81.3%
No Way Out 2008JBL
81.3%
Unforgiven 2006John Morrison
78.7%
Survivor Series 2006John Morrison
78.7%
December to DismemberJohnny Nitro
78.7%
Armageddon 2006John Morrison
78.7%
Royal Rumble 2007John Morrison
78.7%
No Way Out 2007John Morrison
78.7%
Unforgiven 2001Big Show
77.3%
No Way Out 2002Billy Gunn
77.3%
WrestleMania 18Billy Gunn
77.3%
Survivor Series 2002Jamal
77.3%
No Way Out 2009Big Show
77.3%
One Night Stand 2007Shelton Benjamin
75.3%
Unforgiven 2008Shelton Benjamin
75.3%
December to DismemberJoey Mercury
72.7%
Royal Rumble 2007Joey Mercury
72.7%
No Way Out 2007Joey Mercury
72.7%
WrestleMania 23Booker T
72.7%
Great American Bash 2007Umaga
72.7%
Survivor Series 2007Umaga
72.7%
No Way Out 2008Umaga
72.7%
No Way Out 2008Shawn Michaels
72.7%
One Night Stand 2008Umaga
72.7%
King of the Ring 2000Test
71.3%
Fully Loaded 2000Test
71.3%
Fully Loaded 1999Faarooq
70.7%
Armageddon 1999Faarooq
70.7%
Armageddon 2000Eddie Guerrero
70.7%
Rebellion 2001Faarooq
70.7%
WrestleMania 18Faarooq
70.7%
No Way Out 2007MVP
70%
WrestleMania 23Finlay
70%
Survivor Series 2007MVP
70%
Survivor Series 2007Finlay
70%
Judgment Day 2008MVP
70%
SummerSlam 2008MVP
70%
Unforgiven 2008MVP
70%
event Answer % Correct
Insurrextion 2001X-Pac
68.7%
Judgment Day 2001X-Pac
68.7%
King of the Ring 2001X-Pac
68.7%
Vengeance 2002William Regal
68.7%
Armageddon 2006William Regal
68.7%
Survivor Series 1999Hardcore Holly
68%
Survivor Series 1999Crash Holly
68%
Backlash 2000Hardcore Holly
68%
Backlash 2000Crash Holly
68%
Backlash 2002Brock Lesnar
67.3%
Insurrextion 2002Brock Lesnar
67.3%
Judgment Day 2002Brock Lesnar
67.3%
WrestleMania 23Mr.Kennedy
67.3%
Cyber Sunday 2007Mr.Kennedy
67.3%
Survivor Series 2007Mr.Kennedy
67.3%
One Night Stand 2007Charlie Haas
65.3%
King of the Ring 2000Albert
64%
Fully Loaded 2000Albert
64%
Unforgiven 2001Hurricane
62%
No Mercy 2001Hurricane
62%
Survivor Series 2006Gregory Helms
62%
Armageddon 2006Brian Kendrick
62%
Unforgiven 2008Brian Kendrick
62%
Cyber Sunady 2006Carlito
61.3%
Survivor Series 1999Scotty 2 Hotty
60.7%
King of the Ring 2000Scotty 2 Hotty
60.7%
Survivor Series 1999Grand Master Sexay
58%
King of the Ring 2000Grand Master Sexay
58%
Armageddon 2000Dean Malenko
57.3%
Backlash 2000Perry Saturn
56.7%
Armageddon 2000Perry Saturn
56.7%
Armageddon 2006Paul London
55.3%
No Way Out 2002Chuck
54%
WrestleMania 18Chuck
54%
Survivor Series 2002Rosey
54%
Survivor Series 2006Mike Knox
54%
No Way Out 2009Vladimir Kozlov
54%
Unforgiven 2001Lance Storm
52.7%
No Mercy 2001Lance Storm
52.7%
Fully Loaded 2000Trish Stratus
50%
Survivor Series 2002Rico
49.3%
Survivor Series 2000Goodfather
48.7%
Rebellion 2000Goodfather
48.7%
New Years Revolution 2007John Morrisn
48.7%
Survivor Series 2000Bull Buchanan
48%
Rebellion 2000Bull Buchanan
48%
Backlash 2000Tazz
47.3%
Backlash 2007Lance Cade
46.7%
Backlash 2007Trevor Murdoch
46.7%
Judgment Day 2007Lance Cade
46.7%
Judgment Day 2007Trevor Murdoch
46.7%
Night of Champions 2007Lance Cade
46.7%
Night of Champions 2007Trevor Murdoch
46.7%
Insurrextion 2001Justin Credible
46%
Judgment Day 2001Justin Credible
46%
Judgment Day 2002Paul Heyman
46%
Armageddon 2006Dave Taylor
42.7%
Survivor Series 2007Big Daddy V
38%
Insurrextion 2002Shawn Stasiak
26%
Armageddon 2006Joey Mecury
3.3%

You're not logged in!

Compare scores with friends on all Sporcle quizzes.
Sign Up with Email
OR
Log In

You Might Also Like...

Show Comments

Extras

Top Quizzes Today


Score Distribution

Your Account Isn't Verified!

In order to create a playlist on Sporcle, you need to verify the email address you used during registration. Go to your Sporcle Settings to finish the process.

Report this User

Report this user for behavior that violates our Community Guidelines.

Details: